| 000 | 00688nam a2200289Ia 4500 | ||
|---|---|---|---|
| 005 | 20260324123841.0 | ||
| 008 | 008 260324s9999 xx 000 0 eng d | ||
| 020 | _a9781003445470 | ||
| 037 | _aEBOOK | ||
| 040 | _aCRL | ||
| 040 | _beng | ||
| 040 | _cCRL | ||
| 041 | _2eng | ||
| 041 | _aeng | ||
| 084 | _qCRL | ||
| 100 |
_aDawn M. Formo; Cheryl Reed _91171892 |
||
| 245 | 0 | _aJob Search In Academe | |
| 245 | 0 | _bHow to Get the Position You Deserve | |
| 260 | _bTaylor and Francis | ||
| 260 | _c2011 | ||
| 365 | _a | ||
| 365 | _b205 | ||
| 856 | _uhttp://www.taylorfrancis.com/books/9781003445470 | ||
| 942 | _cEBOOK | ||
| 999 |
_c1765760 _d1765760 |
||